00534nam a2200193Ia 450000500170000000800410001702000090005804000190006704100120008608200160009810000280011424500590014225000120020126000320021330000140024550400500025965000210030985000100033020221028150041.0131103s9999 xx 000 0 und d cRs.8 aLoreto College aEnglish a954.02bQAN aQanungo,Kalika - Ranjan aDara Shukoh Vol IbBiography cKalika - ranjan Qanungo a2nd ed. aCalcuttabS.C.Sarkar c1952 ax,320 p.  aIncludes index and bibliographical references aMedieval History aLCLIB